| 000 -LEADER |
| fixed length control field |
00353cam a22001337a 4500 |
| 008 - FIXED-LENGTH DATA ELEMENTS--GENERAL INFORMATION |
| fixed length control field |
180718b1942 xxu||||| |||| 00| 0 eng d |
| 082 ## - DEWEY DECIMAL CLASSIFICATION NUMBER |
| Classification number |
B11x54 D26 |
| 100 ## - MAIN ENTRY--PERSONAL NAME |
| Personal name |
Das, R.K. |
| 245 ## - TITLE STATEMENT |
| Title |
India and a new civilisation |
| Statement of responsibility, etc. |
by Rajini Kant Das |
| 260 ## - PUBLICATION, DISTRIBUTION, ETC. |
| Place of publication, distribution, etc. |
Calcutta |
| Name of publisher, distributor, etc. |
|
| Date of publication, distribution, etc. |
1942 |
| 300 ## - PHYSICAL DESCRIPTION |
| Extent |
xxxvi, 11p |
| 650 ## - SUBJECT ADDED ENTRY--TOPICAL TERM |
| Topical term or geographic name entry element |
Culture- India |
| 650 ## - SUBJECT ADDED ENTRY--TOPICAL TERM |
| Topical term or geographic name entry element |
Civilization-India |